Curso práctico de pintura. Mecla de colores. técnicas mixtas.
| Main Author: | |
|---|---|
| Format: | Section = Libro |
| Language: | Undetermined Spanish |
| Published: |
España
CAE
2001
|
| Subjects: |
| LEADER | 00685nam a2200217Ia 4500 | ||
|---|---|---|---|
| 008 | 240829s9999 xx 000 0 und d | ||
| 020 | |a 84-494-1841-0 | ||
| 040 | |a BIBLIOTECA-RUSB/ Ref 750 C977 | ||
| 041 | |a spa | ||
| 082 | |a Ref 750 C977 | ||
| 100 | 1 | |a Gispert, Carlos | |
| 245 | 1 | 0 | |a Curso práctico de pintura. Mecla de colores. técnicas mixtas. |
| 260 | |a España |b CAE |c 2001 | ||
| 300 | |a p. irreg. :il. | ||
| 650 | 7 | |a PINTURA Y PINTURAS - ACUARELA | |
| 650 | 7 | |b MATERIALES - UTENSILIOS Y TECNICAS - ACUARELA | |
| 650 | 7 | |c DIBUJO - PERSPECTIVA, COMPOSICION INTERPRETACION - ACUARELA | |
| 650 | 7 | |d ACUARELA - FIGURAS Y RETRATOS | |
| 942 | |c BK |2 ddc | ||
| 991 | |a TEXTO | ||
| 999 | |c 6638 | ||